Nonlinear circuits handbook : (Запис № 531301)
[ простий вигляд ]
| 000 -LEADER | |
|---|---|
| fixed length control field | 01945cam a2200469 i 4500 |
| 001 - CONTROL NUMBER | |
| control field | nonlinearcircuit00anal |
| 003 - CONTROL NUMBER IDENTIFIER | |
| control field | CaSfIA |
| 005 - DATE AND TIME OF LATEST TRANSACTION | |
| control field | 20210118193530.0 |
| 007 - PHYSICAL DESCRIPTION FIXED FIELD--GENERAL INFORMATION | |
| fixed length control field | cr|||| |
| 008 - FIXED-LENGTH DATA ELEMENTS--GENERAL INFORMATION | |
| fixed length control field | 760414s1976 maua b 001 0 eng |
| 010 ## - LIBRARY OF CONGRESS CONTROL NUMBER | |
| LC control number | 75042559 |
| 040 ## - CATALOGING SOURCE | |
| Original cataloging agency | DLC |
| Transcribing agency | DLC |
| Modifying agency | OCL |
| -- | NLGGC |
| -- | WPG |
| -- | CaSfIA |
| 019 ## - | |
| -- | 4064742 |
| 020 ## - INTERNATIONAL STANDARD BOOK NUMBER | |
| International Standard Book Number | 091655001X : |
| Terms of availability | $5.95 |
| 020 ## - INTERNATIONAL STANDARD BOOK NUMBER | |
| International Standard Book Number | 9780916550011 |
| 035 ## - SYSTEM CONTROL NUMBER | |
| System control number | (OCoLC)2490490 |
| Canceled/invalid control number | (OCoLC)4064742 |
| 050 #0 - LIBRARY OF CONGRESS CALL NUMBER | |
| Classification number | TK7867 |
| Item number | .A55 1976 |
| 082 ## - DEWEY DECIMAL CLASSIFICATION NUMBER | |
| Classification number | 621.3815/3 |
| 084 ## - OTHER CLASSIFICATION NUMBER | |
| Classification number | 53.52 |
| Source of number | bcl |
| 029 1# - (OCLC) | |
| OCLC library identifier | NLGGC |
| System control number | 781288371 |
| 029 1# - (OCLC) | |
| OCLC library identifier | NZ1 |
| System control number | 3907885 |
| 029 1# - (OCLC) | |
| OCLC library identifier | AU@ |
| System control number | 000000245371 |
| 110 2# - MAIN ENTRY--CORPORATE NAME | |
| Corporate name or jurisdiction name as entry element | Analog Devices, inc. |
| 245 10 - TITLE STATEMENT | |
| Title | Nonlinear circuits handbook : |
| Medium | [electronic resource] |
| Remainder of title | designing with analog function modules and IC's / |
| Statement of responsibility, etc | by the engineering staff of Analog Devices, inc. ; edited by Daniel H. Sheingold. |
| 250 ## - EDITION STATEMENT | |
| Edition statement | 2d ed. |
| 260 ## - PUBLICATION, DISTRIBUTION, ETC. (IMPRINT) | |
| Place of publication, distribution, etc | Norwood, Mass. : |
| Name of publisher, distributor, etc | Analog Devices, inc., |
| Date of publication, distribution, etc | 1976. |
| 300 ## - PHYSICAL DESCRIPTION | |
| Extent | xxxii, 502 p. : |
| Other physical details | ill. ; |
| Dimensions | 21 cm. |
| 504 ## - BIBLIOGRAPHY, ETC. NOTE | |
| Bibliography, etc | Bibliography: p. ix-xix. |
| 500 ## - GENERAL NOTE | |
| General note | Includes index. |
| 506 ## - RESTRICTIONS ON ACCESS NOTE | |
| Standardized terminology for access restriction | Необхідна авторизація на https://archive.org/ (створення облікового запису безкоштовно) |
| 506 ## - RESTRICTIONS ON ACCESS NOTE | |
| Standardized terminology for access restriction | Необхідна авторизація на https://openlibrary.org/ (створення облікового запису безкоштовно) |
| 650 #0 - SUBJECT ADDED ENTRY--TOPICAL TERM | |
| Topical term or geographic name as entry element | Electronic circuits |
| Form subdivision | Handbooks, manuals, etc. |
| 650 #0 - SUBJECT ADDED ENTRY--TOPICAL TERM | |
| Topical term or geographic name as entry element | Electronic circuit design |
| Form subdivision | Handbooks, manuals, etc. |
| 650 17 - SUBJECT ADDED ENTRY--TOPICAL TERM | |
| Topical term or geographic name as entry element | Elektronica. |
| Source of heading or term | gtt |
| 650 17 - SUBJECT ADDED ENTRY--TOPICAL TERM | |
| Topical term or geographic name as entry element | Micro-elektronica. |
| Source of heading or term | gtt |
| 650 17 - SUBJECT ADDED ENTRY--TOPICAL TERM | |
| Topical term or geographic name as entry element | Schakelingen. |
| Source of heading or term | gtt |
| 650 17 - SUBJECT ADDED ENTRY--TOPICAL TERM | |
| Topical term or geographic name as entry element | Niet-lineair gedrag. |
| Source of heading or term | gtt |
| 700 1# - ADDED ENTRY--PERSONAL NAME | |
| Personal name | Sheingold, Daniel H. |
| 856 41 - ELECTRONIC LOCATION AND ACCESS | |
| Uniform Resource Identifier | <a href="http://www.archive.org/details/nonlinearcircuit00anal">http://www.archive.org/details/nonlinearcircuit00anal</a> |
| Public note | Free eBook from the Internet Archive |
| 856 42 - ELECTRONIC LOCATION AND ACCESS | |
| Uniform Resource Identifier | <a href="http://www.openlibrary.org/books/OL5213284M">http://www.openlibrary.org/books/OL5213284M</a> |
| Public note | Additional information and access via Open Library |
| 942 ## - ADDED ENTRY ELEMENTS (KOHA) | |
| Koha item type | ЕКнига |
Немає доступних примірників.